Mitos griegos / (Registro nro. 3285)

Detalles MARC
000 -LEADER
fixed length control field 01191nam a2200241Ia 4500
003 - CONTROL NUMBER IDENTIFIER
control field OSt
005 - DATE AND TIME OF LATEST TRANSACTION
control field 20200625133302.0
008 - FIXED-LENGTH DATA ELEMENTS--GENERAL INFORMATION
fixed length control field 191128s1995 ck a gr 000 j spa d
020 ## - INTERNATIONAL STANDARD BOOK NUMBER
International Standard Book Number 9580428638
040 ## - CATALOGING SOURCE
Original cataloging agency CO-JMCR
Transcribing agency CO-JMCR
041 ## - LANGUAGE CODE
Language code of text/sound track or separate title spa
082 04 - DEWEY DECIMAL CLASSIFICATION NUMBER
Classification number LM /
Item number POMp
100 ## - MAIN ENTRY--PERSONAL NAME
Personal name Pope Osborne, Mary,
Relator term autor
9 (RLIN) 6182
245 10 - TITLE STATEMENT
Title Mitos griegos /
Statement of responsibility, etc. Mary Pope Osborne
260 ## - PUBLICATION, DISTRIBUTION, ETC.
Place of publication, distribution, etc. Bogotá :
Name of publisher, distributor, etc. Norma,
Date of publication, distribution, etc. 1995
300 ## - PHYSICAL DESCRIPTION
Extent 133 páginas :
Other physical details ilustraciones blanco y negro ;
Dimensions 19 cm.
490 0# - SERIES STATEMENT
Series statement Torre de papel amarillo
500 ## - GENERAL NOTE
General note Incluye datos biográficos del autor en cotraportada
505 ## - FORMATTED CONTENTS NOTE
Formatted contents note El carro del Dios sol : La historia de featón y helios -- El toque dorado : La historia de baco y el rey midas -- Perdido en el mar : La historia de ceix y alción -- El concurso de tejido : La historia de minerva y aracne -- El árbol de apolo : La histori
520 ## - SUMMARY, ETC.
Summary, etc. Esta es una recopilación de los mitos griegos más conocidos. Se narra, por ejemplo, la historia del rey Midas, quien sucumbe ante la terrible fuerza de su ambición. O la historia de Narciso, quien se enamora de su propia imagen en el momento mismo en que
650 14 - SUBJECT ADDED ENTRY--TOPICAL TERM
Topical term or geographic name entry element Mitología
9 (RLIN) 6183
942 ## - ADDED ENTRY ELEMENTS (KOHA)
Source of classification or shelving scheme Dewey Decimal Classification
Koha item type Books
Existencias
Withdrawn status Lost status Source of classification or shelving scheme Damaged status Not for loan Collection code Home library Current library Date acquired Source of acquisition Cost, normal purchase price Total Checkouts Total Renewals Full call number Barcode Date last seen Date last checked out Copy number Koha item type Shelving location Price effective from
    Dewey Decimal Classification     Fiction Biblioteca Pública José María del Castillo y Rada Biblioteca Pública José María del Castillo y Rada 11/28/2019 Donación 0.00 17 4 LM / POMp 201507023 01/30/2026 01/30/2026 Ej.1 Books    
    Dewey Decimal Classification       Biblioteca Pública José María del Castillo y Rada Biblioteca Pública José María del Castillo y Rada 10/02/2020 Donación   11   LM / POMp 201810486 11/24/2025 11/24/2025 Ej.2 Books General Stacks 10/02/2020